| 000 | 00412nam a22001697a 4500 | ||
|---|---|---|---|
| 003 | MPLRDC | ||
| 005 | 20220104124114.0 | ||
| 008 | 210129b ||||| |||| 00| 0 eng d | ||
| 020 | _a983-9673-12-2 | ||
| 082 | _a580.161 ZWG | ||
| 100 | _a张文光 | ||
| 245 |
_a三角关系 _c |
||
| 260 |
_a马来西亚 _b雪兰莪中华大会堂 _c1990 |
||
| 300 | _b平 | ||
| 650 | _a法律学 | ||
| 942 |
_cBK _o580.161 ZWG |
||
| 999 |
_c16691 _d16681 |
||